| 000 | 01120nam a2200325 i 4500 | ||
|---|---|---|---|
| 999 |
_c65559 _d65559 |
||
| 001 | 768714001 | ||
| 003 | CO-MdFUSB | ||
| 005 | 20200528181116.0 | ||
| 007 | ta | ||
| 008 | 200330t2002 mau |||| |||| 00| 0 eng d | ||
| 020 | _a9781565637283 | ||
| 040 |
_aCO-MdFUSB _bspa _cCO-MdFUSB _dCO-MdFUSBC _erda |
||
| 041 | _aeng | ||
| 082 |
_223 _a225.92 _bG565 |
||
| 100 |
_aGlover, T. R. _eautor |
||
| 245 |
_aPaul of Tarsus _c/ T. R. Glover, |
||
| 264 | 1 |
_aMassachusetts : _bHendrickson Publishers, _c[2002] |
|
| 264 | 4 | _c© 2002 | |
| 300 |
_a256 páginas _c; 21 cm |
||
| 336 |
_2rdacontent _atexto _btxt |
||
| 337 |
_2rdamedia _asin mediación _bn |
||
| 338 |
_2rdacarrier _avolumen _bnc |
||
| 500 | _aColección Dawn Christina Harrell | ||
| 505 | _aIntroducción. -- Tarso. -- Jerusalén. -- Damasco. -- "No tener mi propia justicia" -- La vida de obediencia. -- "La preparación del Evangelio". -- La iglesia. -- El humano Pablo. -- El amor de Cristo. -- La consumación. | ||
| 563 | _aTapa dura | ||
| 653 | _aPablo, el apóstol santo | ||
| 942 | _cBK | ||
| 945 |
_aJTF-925 _bAEM-53 |
||